| 000 | 01058nam a2200289 i 4500 | ||
|---|---|---|---|
| 001 | bg | ||
| 100 | 1 | _aSPONG, Mark W. | |
| 245 | 1 | 0 |
_aDynamika i sterowanie robotów / _cMark W. Spong, M. Vidyasagar ; z ang. przeł. Zbigniew Pilat [et al.]. |
| 246 |
_iTyt. oryg.: _aRobot dynamics and control |
||
| 260 |
_aWarszawa : _bWydawnictwa Naukowo-Techniczne, _c1997. |
||
| 300 |
_aXVI, 355 s. : _bfot., rys., wykr. ; _c24 cm. |
||
| 500 | _aOryg. : "Robot dynamics and control" 1989. | ||
| 504 | _aBibliogr. przy rozdz. - Indeks. | ||
| 521 | _aDla studentów kierunku automatyka i robotyka, inż. | ||
| 650 | 9 |
_aAutomaty _xmechanika |
|
| 650 | 9 |
_aSterowanie _xzagadnienia |
|
| 655 | _aPodręczniki akademickie | ||
| 700 | 1 | _aVIDYASAGAR, M. | |
| 020 | _a8320421985 | ||
| 040 | _cBPK | ||
| 041 | 1 |
_apl _hen |
|
| 080 | _a007.5:681.5+531.1+531.3](075.8) | ||
| 920 | _a83-204-2198-5 | ||
| 942 | _cKS | ||
| 008 | s pl f |000 0 pol | ||
| 856 |
_uhttp://koha.tu.koszalin.pl/cgi-bin/koha/opac-detail.pl?biblionumber=33265 _yKatalog online BPK |
||
| 999 |
_c33265 _d33265 |
||